[Event "Khanty-Mansiysk Governor Cup-B 9th"]
[Site "Khanty-Mansiysk"]
[Date "2013.12.05"]
[Round "8"]
[White "Lichkun, Denis"]
[Black "Samartsev, Alexander"]
[Result "0-1"]
[WhiteElo "1991"]
[BlackElo "2160"]
[PlyCount "24"]
[EventDate "2013.11.28"]
[EventType "swiss"]
[EventRounds "9"]
[EventCountry "RUS"]
[SourceTitle "CBM 157 Extra"]
[Source "ChessBase"]
[SourceDate "2013.12.19"]
[SourceVersion "1"]
[SourceVersionDate "2013.12.19"]
[SourceQuality "1"]

1. d4 d5 2. c4 c6 3. Nc3 e6 4. e3 Nf6 5. Nf3 Nbd7 6. Bd3 Bd6 7. 0-0 0-0 8. Nd2 e5 9. f4 exd4 10. exd4 c5 11. Nxd5 Nxd5 12. Bxh7+ Kxh7 0-1

[Event "Khanty-Mansiysk Governor Cup-B 9th"]
[Site "Khanty-Mansiysk"]
[Date "2013.11.29"]
[Round "2"]
[White "Galeev, Insaf"]
[Black "Samartsev, Alexander"]
[Result "1/2-1/2"]
[WhiteElo "1894"]
[BlackElo "2160"]
[PlyCount "86"]
[EventDate "2013.11.28"]
[EventType "swiss"]
[EventRounds "9"]
[EventCountry "RUS"]
[SourceTitle "CBM 157 Extra"]
[Source "ChessBase"]
[SourceDate "2013.12.19"]
[SourceVersion "1"]
[SourceVersionDate "2013.12.19"]
[SourceQuality "1"]

1. d4 d5 2. Nf3 Nf6 3. c4 e6 4. Nc3 Be7 5. Bg5 h6 6. Bh4 c6 7. e3 Nbd7 8. Rc1 dxc4 9. Bxc4 Nd5 10. Bxe7 Qxe7 11. 0-0 0-0 12. Nxd5 exd5 13. Bd3 Nf6 14. Ne5 Nd7 15. Nf3 Re8 16. Qd2 Qf6 17. b4 a6 18. a4 Qd6 19. b5 axb5 20. axb5 c5 21. dxc5 Nxc5 22. Qc2 b6 23. Nd4 Ra3 24. Be2 Bd7 25. Ra1 Rea8 26. Rxa3 Rxa3 27. Rd1 Ne4 28. Rc1 Nc3 29. Qb2 Nxe2+ 30. Qxe2 Qb4 31. Qc2 Qc5 32. Qb2 Ra2 33. Qb1 Qa3 34. Rd1 Qb2 35. Rf1 Qd2 36. Qb3 Rb2 37. Qxd5 Bxb5 38. Qa8+ Kh7 39. Qe4+ g6 40. Nxb5 Rxb5 41. Qc4 Qd5 42. Qxd5 Rxd5 43. Rb1 Rd6 1/2-1/2

[Event "Wch Seniors 23rd"]
[Site "Opatija"]
[Date "2013.11.14"]
[Round "3"]
[White "Samartsev, Alexander"]
[Black "Lim, Kian Hwa"]
[Result "1-0"]
[WhiteElo "2160"]
[BlackElo "1883"]
[PlyCount "97"]
[EventDate "2013.11.12"]
[EventType "swiss"]
[EventRounds "11"]
[EventCountry "CRO"]
[SourceTitle "CBM 157 Extra"]
[Source "ChessBase"]
[SourceDate "2013.12.19"]
[SourceVersion "1"]
[SourceVersionDate "2013.12.19"]
[SourceQuality "1"]

1. d4 d5 2. c4 e6 3. Nc3 Nf6 4. Bf4 c6 5. e3 Nbd7 6. Nf3 Be7 7. h3 0-0 8. Bd3 dxc4 9. Bxc4 b5 10. Bd3 a6 11. 0-0 Bb7 12. Rc1 Rc8 13. Ne5 c5 14. Nxd7 Qxd7 15. dxc5 Rxc5 16. Be2 Qxd1 17. Rcxd1 Nd5 18. Be5 Nxc3 19. Bxc3 Rd5 20. a3 Rfd8 21. Rxd5 Bxd5 22. Rd1 Bb3 23. Rxd8+ Bxd8 24. f4 f5 25. Kf2 Kf7 26. Bf3 Bf6 27. Bb7 Bxc3 28. bxc3 a5 29. e4 fxe4 30. Bxe4 h6 31. Ke3 Ke7 32. Bd3 Bd5 33. g4 g5 34. Bxb5 Kd6 35. Bf1 Kc5 36. Be2 Bg2 37. Kf2 Bd5 38. Kg3 a4 39. h4 gxh4+ 40. Kxh4 Kd6 41. Kh5 e5 42. f5 e4 43. c4 Bc6 44. Kxh6 Ke5 45. Kg6 Kf4 46. g5 Bd7 47. f6 Ke3 48. Bh5 Kf4 49. f7 1-0

[Event "Wch Seniors 21st"]
[Site "Rijeka"]
[Date "2011.11.18"]
[Round "4"]
[White "Rajkovic, Dusan"]
[Black "Samartsev, Alexander"]
[Result "1-0"]
[WhiteElo "2416"]
[BlackElo "2226"]
[PlyCount "21"]
[EventDate "2011.11.15"]
[EventType "swiss"]
[EventRounds "11"]
[EventCountry "CRO"]
[SourceTitle "CBM 145 Extra"]
[Source "ChessBase"]
[SourceDate "2012.01.03"]
[SourceVersion "1"]
[SourceVersionDate "2012.01.03"]
[SourceQuality "1"]

1. d4 d5 2. c4 c6 3. Nf3 g6 4. Nc3 Bg7 5. Bf4 Nf6 6. e3 0-0 7. Rc1 Re8 8. h3 Nbd7 9. cxd5 Nxd5 10. Nxd5 cxd5 11. Bc7 1-0

[Event "Wch Seniors 21st"]
[Site "Rijeka"]
[Date "2011.11.16"]
[Round "2"]
[White "Samartsev, Alexander"]
[Black "Hrdina, Karl"]
[Result "1-0"]
[WhiteElo "2226"]
[BlackElo "1944"]
[PlyCount "39"]
[EventDate "2011.11.15"]
[EventType "swiss"]
[EventRounds "11"]
[EventCountry "CRO"]
[SourceTitle "CBM 145 Extra"]
[Source "ChessBase"]
[SourceDate "2012.01.03"]
[SourceVersion "1"]
[SourceVersionDate "2012.01.03"]
[SourceQuality "1"]

1. d4 d5 2. Nf3 e6 3. g3 Nf6 4. Bg2 Nbd7 5. b3 Ne4 6. 0-0 Be7 7. c4 0-0 8. Ba3 Re8 9. Bxe7 Qxe7 10. Qc2 c6 11. Nc3 Nxc3 12. Qxc3 b6 13. Rfe1 Bb7 14. e4 Qf6 15. cxd5 exd5 16. exd5 cxd5 17. Qc7 Rxe1+ 18. Rxe1 Qc6 19. Rc1 Qxc7 20. Rxc7 1-0

[Event "Khanty-Mansiysk Governor Cup 7th"]
[Site "Khanty-Mansiysk"]
[Date "2011.09.08"]
[Round "9"]
[White "Vokarev, Sergey"]
[Black "Samartsev, Alexander"]
[Result "1-0"]
[WhiteElo "2431"]
[BlackElo "2230"]
[PlyCount "123"]
[EventDate "2011.08.31"]
[EventType "swiss"]
[EventRounds "9"]
[EventCountry "RUS"]
[SourceTitle "CBM 144 Extra"]
[Source "ChessBase"]
[SourceDate "2011.10.28"]
[SourceVersion "1"]
[SourceVersionDate "2011.10.28"]
[SourceQuality "1"]

1. e4 c5 2. Nf3 Nf6 3. Nc3 e6 4. d4 cxd4 5. Nxd4 Bb4 6. e5 Ne4 7. Qg4 Nxc3 8. Qxg7 Rf8 9. a3 Nb5+ 10. axb4 Nxd4 11. Bg5 Qb6 12. Bh6 Qxb4+ 13. c3 Nf5 14. cxb4 Nxg7 15. Bxg7 Rg8 16. Bf6 Nc6 17. Bd3 h6 18. b5 Nb4 19. Be4 Rg4 20. Bf3 Rg6 21. Ra4 Nd5 22. Be4 Rg8 23. Bxd5 exd5 24. 0-0 d6 25. Rc1 Bh3 26. g3 Kd7 27. Rh4 Bf5 28. Rxh6 dxe5 29. Bxe5 Rac8 30. Rd1 Rg6 31. Rxg6 fxg6 32. Bc3 Rc5 33. Ra1 Rxb5 34. Rxa7 Be4 35. f4 Ke6 36. Kf2 Kf5 37. h3 Rb3 38. Ke3 Bg2 39. g4+ Ke6 40. h4 Bh3 41. f5+ Kf7 42. Kf4 gxf5 43. gxf5 d4 44. Bxd4 Rb4 45. Ke4 Bg2+ 46. Ke3 Rb3+ 47. Bc3 Rb5 48. Kf4 Bh3 49. f6 Bd7 50. Ra1 Rf5+ 51. Kg3 Kg6 52. Re1 Bc6 53. Re7 Bd5 54. Re3 Kh5 55. Bd4 b5 56. b4 Bc4 57. Re8 Bd5 58. Rh8+ Kg6 59. Rb8 Bc4 60. Rc8 Rd5 61. Rg8+ Kh5 62. f7 1-0

[Event "RUS-ch Seniors"]
[Site "Odintsovo"]
[Date "2011.04.25"]
[Round "7"]
[White "Malov, Lev Pavlovich"]
[Black "Samartsev, Alexander"]
[Result "1/2-1/2"]
[WhiteElo "1985"]
[BlackElo "2256"]
[PlyCount "120"]
[EventDate "2011.04.19"]
[EventType "swiss"]
[EventRounds "9"]
[EventCountry "RUS"]
[SourceTitle "CBM 142 Extra"]
[Source "ChessBase"]
[SourceDate "2011.06.27"]
[SourceVersion "1"]
[SourceVersionDate "2011.06.27"]
[SourceQuality "1"]

1. d4 d5 2. Nf3 Nf6 3. e3 Bg4 4. Nbd2 e6 5. Bd3 c5 6. c3 Nc6 7. 0-0 cxd4 8. exd4 Bd6 9. h3 Bh5 10. Re1 0-0 11. Qc2 Rc8 12. a3 Bb8 13. Qb1 Qd6 14. Ne5 Bg6 15. Ndf3 Bxd3 16. Qxd3 Ne4 17. Bf4 Qe7 18. Nxc6 bxc6 19. Bxb8 Rxb8 20. b4 f6 21. Nd2 Nxd2 22. Qxd2 e5 23. f3 Qc7 24. Re3 exd4 25. Qxd4 Rfe8 26. Rae1 Rxe3 27. Rxe3 Kf7 28. Qg4 h6 29. Qe6+ Kg6 30. Kf2 a5 31. h4 h5 32. g3 axb4 33. axb4 Rd8 34. Kg2 Qd6 35. Qxd6 Rxd6 36. Rd3 Kf5 37. Kf2 g5 38. Rd4 Ke5 39. Ke3 Re6 40. Kd3 Re8 41. c4 Ra8 42. f4+ gxf4 43. gxf4+ Ke6 44. cxd5+ cxd5 45. Kc3 Ra3+ 46. Kb2 Re3 47. b5 Kd6 48. Ra4 Kc5 49. Ra6 Kxb5 50. Rxf6 Kc4 51. Rc6+ Kd4 52. Rh6 Rf3 53. Rxh5 Rxf4 54. Rh8 Ke3 55. h5 d4 56. h6 Rf7 57. Rg8 Rf2+ 58. Kb3 Rh2 59. Rg3+ Ke2 60. Kc4 Rxh6 1/2-1/2

[Event "RUS-ch Seniors"]
[Site "Odintsovo"]
[Date "2011.04.23"]
[Round "5"]
[White "Pushkov, Nikolai"]
[Black "Samartsev, Alexander"]
[Result "1-0"]
[WhiteElo "2424"]
[BlackElo "2256"]
[PlyCount "27"]
[EventDate "2011.04.19"]
[EventType "swiss"]
[EventRounds "9"]
[EventCountry "RUS"]
[SourceTitle "CBM 142 Extra"]
[Source "ChessBase"]
[SourceDate "2011.06.27"]
[SourceVersion "1"]
[SourceVersionDate "2011.06.27"]
[SourceQuality "1"]

1. d4 d5 2. Nf3 Nf6 3. e3 e6 4. Bd3 Bd6 5. b3 c6 6. Bb2 b6 7. Nbd2 Nbd7 8. 0-0 0-0 9. Ne5 Bb7 10. f4 c5 11. Qf3 Qc7 12. Nxd7 Nxd7 13. Qh3 Nf6 14. dxc5 1-0

[Event "Yugra Region-ch"]
[Site "Khanty-Mansiysk"]
[Date "2011.01.17"]
[Round "4"]
[White "Pozin, Sergey"]
[Black "Samartsev, Alexander"]
[Result "1-0"]
[WhiteElo "2361"]
[BlackElo "2263"]
[PlyCount "120"]
[EventDate "2011.01.15"]
[EventType "swiss"]
[EventRounds "7"]
[EventCountry "RUS"]
[SourceTitle "EXT 2012"]
[Source "ChessBase"]
[SourceDate "2011.11.24"]
[SourceVersion "1"]
[SourceVersionDate "2011.11.24"]
[SourceQuality "1"]

1. d4 Nf6 2. Nf3 d5 3. Bf4 Bf5 4. e3 e6 5. Nbd2 Bd6 6. Ne5 Qe7 7. c4 dxc4 8. Bxc4 Ne4 9. 0-0 Nxd2 10. Qxd2 0-0 11. Rac1 c6 12. a3 Nd7 13. Nxd7 Qxd7 14. Bxd6 Qxd6 15. Qa5 h6 16. Rfd1 Rfc8 17. Be2 Qc7 18. Qc3 Rd8 19. b4 Qb6 20. Bf3 a5 21. Qc5 Qa6 22. e4 Bg6 23. h4 axb4 24. axb4 h5 25. d5 cxd5 26. exd5 b6 27. Qe7 exd5 28. Bxd5 Re8 29. Qg5 Kh7 30. Bxa8 Qxa8 31. Rd6 f6 32. Rxf6 Qe4 33. Qxg6+ Qxg6 34. Rxg6 Kxg6 35. Rc6+ Kf5 36. Rxb6 Kg4 37. Rg6+ Kf5 38. Rxg7 Re4 39. Rg5+ Kf6 40. Rxh5 Rxb4 41. Kh2 Kg6 42. Rg5+ Kh6 43. Kh3 Ra4 44. Rb5 Rd4 45. Rb6+ Kh7 46. f3 Kg7 47. Kg3 Rc4 48. f4 Rc2 49. Kh3 Kh7 50. g3 Rc8 51. h5 Rc7 52. Kh4 Rd7 53. g4 Rc7 54. g5 Rd7 55. h6 Rd1 56. Kg4 Rc1 57. Rb7+ Kh8 58. f5 Rc5 59. Rf7 Kg8 60. Rf6 Rxf5 1-0

[Event "Yugra Region-ch"]
[Site "Khanty-Mansiysk"]
[Date "2011.01.17"]
[Round "5"]
[White "Samartsev, Alexander"]
[Black "Fateev, Petr"]
[Result "1-0"]
[WhiteElo "2263"]
[BlackElo "1691"]
[PlyCount "77"]
[EventDate "2011.01.15"]
[EventType "swiss"]
[EventRounds "7"]
[EventCountry "RUS"]
[SourceTitle "EXT 2012"]
[Source "ChessBase"]
[SourceDate "2011.11.24"]
[SourceVersion "1"]
[SourceVersionDate "2011.11.24"]
[SourceQuality "1"]

1. d4 Nf6 2. Nf3 d6 3. Bf4 Nbd7 4. e3 g6 5. h3 Bg7 6. Be2 c6 7. c4 0-0 8. 0-0 Re8 9. Nc3 a6 10. a4 Qb6 11. Rb1 e5 12. Bh2 h6 13. b4 Nh7 14. Ne4 Qc7 15. c5 Bf8 16. cxd6 Bxd6 17. Nxd6 Qxd6 18. dxe5 Qe7 19. b5 cxb5 20. axb5 Ng5 21. Nxg5 Qxg5 22. f4 Qf5 23. bxa6 Qe4 24. axb7 Bxb7 25. Rxb7 Qxb7 26. Bf3 Qa7 27. Bxa8 Rxa8 28. Qd4 Qb7 29. Bg3 Nf8 30. e4 Ne6 31. Qd5 Qa6 32. f5 Rd8 33. fxe6 Rxd5 34. exf7+ Kf8 35. exd5 Qb6+ 36. Rf2 Qb3 37. e6 Qxg3 38. e7+ Kxe7 39. f8Q+ 1-0

[Event "Khanty-Mansiysk Governor Cup 6th"]
[Site "Khanty-Mansiysk"]
[Date "2010.09.19"]
[Round "3"]
[White "Samdanov, Samdan"]
[Black "Samartsev, Alexander"]
[Result "1/2-1/2"]
[WhiteElo "1980"]
[BlackElo "2293"]
[PlyCount "76"]
[EventDate "2010.09.17"]
[EventType "swiss"]
[EventRounds "10"]
[EventCountry "RUS"]
[SourceTitle "CBM 138 Extra"]
[Source "ChessBase"]
[SourceDate "2010.10.29"]
[SourceVersion "1"]
[SourceVersionDate "2010.10.29"]
[SourceQuality "1"]

1. d4 Nf6 2. c4 c5 3. d5 b5 4. cxb5 a6 5. bxa6 Bxa6 6. Nc3 g6 7. Nf3 Bg7 8. g3 Qa5 9. Bd2 Qb6 10. Qc2 d6 11. Bg2 0-0 12. 0-0 Nbd7 13. h3 Rfb8 14. Rab1 Bc4 15. b3 Bxd5 16. e4 Bc6 17. Be3 Qb4 18. Nd2 Ne8 19. Nd5 Bxd5 20. exd5 Qa3 21. Qe4 Ndf6 22. Qd3 Nd7 23. Nc4 Qxa2 24. Rfe1 Ne5 25. Nxe5 Bxe5 26. Bxc5 Bb2 27. Be3 Qxb3 28. Qxb3 Rxb3 29. Bg5 f6 30. Bc1 Bc3 31. Rxb3 Bxe1 32. Re3 Bb4 33. Rxe7 Ra1 34. Rxe8+ Kf7 35. Rc8 Bc5 36. Rc7+ Ke8 37. Rxh7 Rxc1+ 38. Kh2 Bxf2 1/2-1/2

[Event "Khanty-Mansiysk Governor Cup 6th"]
[Site "Khanty-Mansiysk"]
[Date "2010.09.18"]
[Round "2"]
[White "Samartsev, Alexander"]
[Black "Ponkratov, Pavel"]
[Result "0-1"]
[WhiteElo "2293"]
[BlackElo "2582"]
[PlyCount "48"]
[EventDate "2010.09.17"]
[EventType "swiss"]
[EventRounds "10"]
[EventCountry "RUS"]
[SourceTitle "CBM 138 Extra"]
[Source "ChessBase"]
[SourceDate "2010.10.29"]
[SourceVersion "1"]
[SourceVersionDate "2010.10.29"]
[SourceQuality "1"]

1. d4 Nf6 2. c4 c5 3. d5 b5 4. cxb5 a6 5. e3 e6 6. dxe6 fxe6 7. bxa6 d5 8. Bb5+ Nbd7 9. Ne2 Bd6 10. 0-0 0-0 11. Ng3 Bxa6 12. Bxa6 Rxa6 13. Nc3 Qb8 14. a4 Qb4 15. f4 c4 16. f5 Bxg3 17. hxg3 Qd6 18. Nb5 Qxg3 19. Rf3 Qb8 20. fxe6 Rxe6 21. Nd4 Re4 22. Rf4 Ne5 23. Ne6 Re8 24. Rxf6 gxf6 0-1

[Event "Ekaterinburg 06"]
[Site "Ekaterinburg"]
[Date "2009.06.??"]
[Round "4"]
[White "Kaliberda, Vladimir"]
[Black "Samartsev, Alexander"]
[Result "1/2-1/2"]
[WhiteElo "2308"]
[BlackElo "2307"]
[PlyCount "25"]
[EventDate "2009.06.06"]
[EventType "tourn"]
[EventRounds "11"]
[EventCountry "RUS"]
[EventCategory "1"]
[SourceTitle "EXT 2022"]
[Source "ChessBase"]
[SourceDate "2021.10.06"]
[SourceVersion "1"]
[SourceVersionDate "2021.10.06"]
[SourceQuality "1"]

1. d4 d5 2. c4 c6 3. Nf3 Nf6 4. Qc2 dxc4 5. Qxc4 Bf5 6. g3 e6 7. Bg2 Nbd7 8. 0-0 Be7 9. Nc3 0-0 10. e3 Ne4 11. Qe2 Nxc3 12. bxc3 Be4 13. c4 1/2-1/2

[Event "Ekaterinburg 02"]
[Site "Ekaterinburg"]
[Date "2009.02.??"]
[Round "8"]
[White "Kaliberda, Vladimir"]
[Black "Samartsev, Alexander"]
[Result "0-1"]
[WhiteElo "2311"]
[BlackElo "2334"]
[PlyCount "54"]
[EventDate "2009.02.25"]
[EventType "tourn"]
[EventRounds "11"]
[EventCountry "RUS"]
[EventCategory "2"]
[SourceTitle "EXT 2022"]
[Source "ChessBase"]
[SourceDate "2021.10.06"]
[SourceVersion "1"]
[SourceVersionDate "2021.10.06"]
[SourceQuality "1"]

1. d4 Nf6 2. Nf3 b6 3. c4 Bb7 4. d5 e6 5. Nc3 Bb4 6. Bd2 Bxc3 7. Bxc3 0-0 8. Bxf6 Qxf6 9. Qd2 Na6 10. e4 Nc5 11. Qc2 exd5 12. exd5 Rae8+ 13. Be2 Qxb2 14. Qxb2 Nd3+ 15. Kd2 Nxb2 16. a4 Rxe2+ 17. Kxe2 Re8+ 18. Kf1 Ba6 19. d6 c5 20. Nd2 Re6 21. Rc1 Rxd6 22. Ke2 Rd4 23. Rc2 Nxc4 24. Nxc4 Bxc4+ 25. Ke3 Rd3+ 26. Kf4 Rd4+ 27. Kf3 Bb3 0-1